ARRUPE JESUIT UNIVERSITY

CORONAVIRUS -STOP THE SPREAD - CLEAN,DISINFECT,COVER

Wieviel Globalisierung verträgt der Mensch? / (Record no. 123468)

MARC details
000 -LEADER
fixed length control field 00761cam a22002414a 4500
001 - CONTROL NUMBER
control field 13212466
003 - CONTROL NUMBER IDENTIFIER
control field ARRUPE
005 - DATE AND TIME OF LATEST TRANSACTION
control field 20151007101615.0
008 - FIXED-LENGTH DATA ELEMENTS--GENERAL INFORMATION
fixed length control field 030516s2003 gw 000 0 ger
010 ## - LIBRARY OF CONGRESS CONTROL NUMBER
LC control number 2003362022
020 ## - INTERNATIONAL STANDARD BOOK NUMBER
International Standard Book Number 3446202617
035 ## - SYSTEM CONTROL NUMBER
System control number (GyWOH)har035004240
040 ## - CATALOGING SOURCE
Original cataloging agency DLC
Transcribing agency DLC
050 00 - LIBRARY OF CONGRESS CALL NUMBER
Classification number JZ1318
Item number .S234 2003
300 ## - PHYSICAL DESCRIPTION
Dimensions 21 cm.
100 1# - MAIN ENTRY--PERSONAL NAME
Personal name Safranski, Rüdiger.
9 (RLIN) 20118
245 10 - TITLE STATEMENT
Title Wieviel Globalisierung verträgt der Mensch? /
Statement of responsibility, etc Rüdiger Safranski.
260 ## - PUBLICATION, DISTRIBUTION, ETC. (IMPRINT)
Place of publication, distribution, etc München :
Name of publisher, distributor, etc C. Hanser,
Date of publication, distribution, etc c2003.
300 ## - PHYSICAL DESCRIPTION
Extent 117p. ;
650 #0 - SUBJECT ADDED ENTRY--TOPICAL TERM
Topical term or geographic name as entry element Globalization
General subdivision Philosophy.
9 (RLIN) 20119
906 ## - LOCAL DATA ELEMENT F, LDF (RLIN)
a 7
b cbc
c origres
d 2
e ncip
f 20
g y-gencatlg
942 ## - ADDED ENTRY ELEMENTS (KOHA)
Source of classification or shelving scheme Library of Congress Classification
Koha item type Monograph ( Printed materials)
Holdings
Withdrawn status Lost status Source of classification or shelving scheme Damaged status Not for loan Collection code Home library Current library Shelving location Date acquired Total Checkouts Full call number Barcode Date last seen Price effective from Koha item type
    Library of Congress Classification     Main Collection ARRUPE LIBRARY ARRUPE LIBRARY Main Collection 07/10/2015   JZ1318.S234 2003 46500005542 26/06/2018 07/10/2015 Monograph ( Printed materials)

 

Arrupe Library. PO Box MP320 Mt Pleasant, Harare, Zimbabwe
263 242 745411|librarian@aju.ac.zw